00741nam a2200205Ia 4500001001000000003000500010008004100015010001100056040000900067100003300076245014600109260003500255300001000290502008700300650001500387650002800402650002800430650002400458710005300482Para_1326CHAP220125s1998 xx 000 0 und d a200034 cCHAP aFernández González, Eloy aEvaluación del thifluzamide para el control de la costra negra de la papa (Rhizoctonia solani Kühn) /c por Eloy Fernández González aChapingo, Méx. :b El autor a57 h. aTesis (Ing. Agr. Esp. en Parasitología Agrícola), UACh. Depto. Parasitología aFungicidas aHongos fitopatógenos  aPapaya x enfermedades  aRhizoctonia solani  aUACh. Departamento de Parasitología Agrícola